Geboren in Neunkirchen (Saar) - Statistiken

Allgemein
  • Dieses Quiz wurde 29 mal gespielt
    5 seit der letzten Aktualisierung
  • Das Durchschnittsergebnis liegt bei 3 aus 7
Antwortstatistiken
Hinweis Antwort % Korrekt
SED-Politiker, Staatsratsvorsitzender und einer der mächtigsten Politiker der DDR 1912 Erich Honecker
80%
Nationaltrainer der Türkei und früherer deutscher Fußballnationalspieler (Kaiserslautern, Bochum und Uerdingen) 1962 Stefan Kuntz
60%
Fußballnationalspielerin, VfL Wolfsburg 2000 Lena Lattwein
40%
Creative Director, bekannt als Juror bei "Germany's Next Topmodel" 1969 Thomas Hayo
40%
CDU-Politiker und Ministerpräsident des Saarlandes von 2018 bis 2022 1978 Tobias Hans
40%
schweizerisch-deutsche Lyrikerin und Gewinnerin des Ingeborg-Bachmann-Preises 2015 1980 Nora Gomringer
20%
Sprinterin und Bronzegewinnerin mit der 4x 100m Staffel bei der Leichtathletik-WM 2025 1995 Sina Mayer
20%
Keine übereinstimmenden Quizze gefunden
Verteilung der Resultate
Anzahl Personen mit jedem Resultat
Perzentil nach korrekt beantworteten Fragen
Ihre Resultats-Entwicklung
Sie haben dieses Quiz seit der letzten Aktualisierung nicht gespielt